| 000 | 00556nam a2200169Ia 4500 | ||
|---|---|---|---|
| 005 | 20250923144715.0 | ||
| 008 | 008 250917s9999 xx 000 0 eng d | ||
| 037 | _aTextual | ||
| 040 |
_aDSWL _beng _cDSWL |
||
| 041 |
_aeng _2eng |
||
| 084 |
_aX8(D):90t58.211'N59t4, N60 _qDSWL |
||
| 100 |
_aPonappa, C.S. _9827582 |
||
| 245 | 0 |
_aPersonal management & welfare measurement in the integral coatch factory _cby C.S. Ponappa |
|
| 260 | _c1960 | ||
| 942 |
_cTEXL _hX8(D):90t58.211'N59t4, N60 |
||
| 999 |
_c1442305 _d1442305 |
||